00398nam a2200109 4500245013600000100002000136710002000156260004200176300002000218490002800238082002200266 aCrime and punishment : a novel in six parts and an epilogue.cby F.M. Dostoevsky and translated from the Russian by Jessie Caulson. aDostoevsky, F.M aCaulson, Jessie aLondonbOxford University Pressc1973 axiv,527p.; 16cm aWorld classics;no. 619. a891.733b DOS/COU